[Event "Gibtelecom Masters 8th"]
[Site "Gibraltar"]
[Date "2010.01.30"]
[Round "5.87"]
[White "Osuna Vega, Enrique"]
[Black "Green, Per"]
[Result "1-0"]
[WhiteElo "2128"]
[BlackElo "1970"]
[PlyCount "114"]
[EventDate "2010.01.26"]
[EventType "swiss"]
[EventRounds "10"]
[EventCountry "GGB"]
[SourceDate "2005.02.07"]

1. e4 e6 2. d4 d5 3. Nc3 Bb4 4. Nge2 dxe4 5. a3 Bxc3+ 6. Nxc3 Nc6 7. Bb5 Nf6 8Bg5 h6 9. Bxf6 Qxf6 10. Bxc6+ bxc6 11. Nxe4 Qf5 12. Nc5 O-O 13. O-O e5 14. dxe5
Qxe5 15. b4 Qf4 16. c3 Bf5 17. Qc1 Qc4 18. Re1 Rfe8 19. Qd2 Rad8 20. Rxe8+ Rxe8
21. Re1 Rxe1+ 22. Qxe1 Kh7 23. h3 Qf4 24. Nb3 Be6 25. Qd2 Qe5 26. Nd4 Bd5 27Qd3+ g6 28. c4 Qe1+ 29. Kh2 Qe5+ 30. g3 Be4 31. Qe3 Qf6 32. f4 Bb1 33. Qe5 Qxe5
34. fxe5 Be4 35. e6 fxe6 36. Nxe6 Kg8 37. Nxc7 Kf7 38. Na6 Ke7 39. Nc5 Bf3 40Nb3 Kd6 41. Kg1 Be2 42. Nd2 Ke5 43. Kf2 Bd3 44. Ke3 Bf5 45. g4 Bd7 46. Nf3+ Kd6
47. Kf4 Be8 48. Nd2 h5 49. gxh5 gxh5 50. h4 Ke6 51. Ke4 Kf6 52. Kf4 Bf7 53Ne4+ Ke7 54. c5 Bg6 55. Ke5 a6 56. Nd6 Bd3 57. Ne4 Bb5 1-0

[Event "Gibtelecom Masters 8th"]
[Site "Gibraltar"]
[Date "2010.01.30"]
[Round "5.88"]
[White "Helin, Mikael"]
[Black "Fox, Anthony"]
[Result "0-1"]
[WhiteElo "1972"]
[BlackElo "2113"]
[PlyCount "76"]
[EventDate "2010.01.26"]
[EventType "swiss"]
[EventRounds "10"]
[EventCountry "GGB"]
[SourceDate "2005.02.07"]

1. e4 e5 2. Nc3 Nf6 3. Bc4 Nc6 4. f4 Nxe4 5. Nf3 Nxc3 6. dxc3 Qe7 7. b4 d6 8O-O Be6 9. Bb5 e4 10. Ng5 f5 11. Be3 a6 12. Ba4 Qd7 13. Bb3 Bxb3 14. axb3 Be7
15. b5 Nd8 16. Qd5 c6 17. bxc6 bxc6 18. Qd1 O-O 19. h4 h6 20. Kf2 Bf6 21. Qe2
a5 22. Rad1 d5 23. Bc5 Be7 24. Bd4 Ne6 25. Be5 Bd6 26. Kg3 Bxe5 27. fxe5 hxg5
28. hxg5 Nxg5 29. Qh5 f4+ 30. Kf2 Qf5 31. Rh1 e3+ 32. Kg1 f3 33. gxf3 Nxf3+ 34Kg2 Qxh5 35. Rxh5 e2 36. Rdh1 e1=Q 37. Rh8+ Kf7 38. Kxf3 Qe4+ 0-1

[Event "Gibtelecom Masters 8th"]
[Site "Gibraltar"]
[Date "2010.01.30"]
[Round "5.90"]
[White "Doubleday, William G"]
[Black "Winkler, Stefan"]
[Result "1-0"]
[WhiteElo "2115"]
[BlackElo "1916"]
[PlyCount "73"]
[EventDate "2010.01.26"]
[EventType "swiss"]
[EventRounds "10"]
[EventCountry "GGB"]
[SourceDate "2005.02.07"]

1. d4 e6 2. c4 Bb4+ 3. Bd2 a5 4. a3 Bxd2+ 5. Qxd2 Nf6 6. Nc3 O-O 7. Nf3 d5 8e3 Ne4 9. Qc2 f5 10. Be2 c6 11. Ne5 Nd7 12. Nxd7 Bxd7 13. g3 g5 14. f3 Nd6 15c5 Nf7 16. f4 Qf6 17. O-O-O Kh8 18. Na4 Ra7 19. Nb6 Be8 20. Qd2 Qd8 21. Qe1 Nd6
22. fxg5 Ne4 23. h4 Qc7 24. Rg1 Bf7 25. Bf3 Nd6 26. g4 Nc8 27. gxf5 exf5 28. h5
Rg8 29. g6 Be6 30. Qh4 Qe7 31. Qf4 Qf6 32. g7+ Rxg7 33. Nxc8 Ra8 34. Rxg7 Qxg7
35. Nd6 Rg8 36. Rd2 Qg3 37. Qxg3 1-0

[Event "Gibtelecom Masters 8th"]
[Site "Gibraltar"]
[Date "2010.01.30"]
[Round "5.91"]
[White "Lochte, Szilvia"]
[Black "Sommerhalder, Eric"]
[Result "1-0"]
[WhiteElo "2032"]
[BlackElo "1899"]
[PlyCount "51"]
[EventDate "2010.01.26"]
[EventType "swiss"]
[EventRounds "10"]
[EventCountry "GGB"]
[SourceDate "2005.02.07"]

1. e4 c5 2. Nc3 d6 3. f4 g6 4. g3 Bg7 5. Bg2 Nc6 6. d3 e6 7. Nf3 Nge7 8. O-O-O 9. Be3 Rb8 10. d4 cxd4 11. Nxd4 Qb6 12. Na4 Qa5 13. Nc3 Rd8 14. Nb3 Qc7 15Nb5 Qd7 16. c3 a6 17. N5d4 d5 18. e5 Nxd4 19. Nxd4 b5 20. Qd2 a5 21. Rac1 Ba6
22. Nb3 b4 23. Rfd1 bxc3 24. Qxc3 a4 25. Nc5 Qb5 26. Bf1 1-0

[Event "Gibtelecom Masters 8th"]
[Site "Gibraltar"]
[Date "2010.01.30"]
[Round "5.92"]
[White "Grant, David"]
[Black "Pettersen, Joar Gullestad"]
[Result "0-1"]
[WhiteElo "1913"]
[BlackElo "2020"]
[PlyCount "36"]
[EventDate "2010.01.26"]
[EventType "swiss"]
[EventRounds "10"]
[EventCountry "GGB"]
[SourceDate "2005.02.07"]

1. e4 c6 2. d4 d5 3. e5 Bf5 4. h4 h5 5. Be2 g6 6. Nh3 e6 7. Ng5 c5 8. c3 Nc6 9g4 Bxg4 10. Bxg4 hxg4 11. Qxg4 Nh6 12. Qd1 cxd4 13. cxd4 Nf5 14. h5 Ncxd4 15Nxf7 Bb4+ 16. Nc3 Kxf7 17. a3 Be7 18. Qg4 Qg8 0-1

[Event "Gibtelecom Masters 8th"]
[Site "Gibraltar"]
[Date "2010.01.30"]
[Round "5.93"]
[White "Bishop, Geoffrey L"]
[Black "Odeh, Kenneth"]
[Result "1-0"]
[WhiteElo "1851"]
[BlackElo "2012"]
[PlyCount "49"]
[EventDate "2010.01.26"]
[EventType "swiss"]
[EventRounds "10"]
[EventCountry "GGB"]
[SourceDate "2005.02.07"]

1. e4 c5 2. Nf3 Nc6 3. d4 cxd4 4. Nxd4 e5 5. Nb5 d6 6. Be3 Nf6 7. Nd2 Ng4 8Nc4 Nxe3 9. fxe3 d5 10. exd5 a6 11. Qf3 Nb4 12. Nxe5 f6 13. Qh5+ g6 14. Nxg6
hxg6 15. Qxh8 Nxc2+ 16. Kf2 Qe7 17. Nc7+ Kd8 18. Ne6+ Bxe6 19. dxe6 Nxa1 20Bc4 Rc8 21. Rd1+ Ke8 22. Rd7 Qc5 23. Bd3 Qg5 24. Qh7 Bg7 25. Bxg6+ 1-0

[Event "Gibtelecom Masters 8th"]
[Site "Gibraltar"]
[Date "2010.01.30"]
[Round "5.94"]
[White "Yarur Elsaca, Daniel"]
[Black "Stanek, Stanislav"]
[Result "0-1"]
[WhiteElo "1815"]
[BlackElo "2007"]
[PlyCount "74"]
[EventDate "2010.01.26"]
[EventType "swiss"]
[EventRounds "10"]
[EventCountry "GGB"]
[SourceDate "2005.02.07"]

1. e4 e5 2. f4 d6 3. Nf3 exf4 4. d4 g5 5. h4 g4 6. Ng5 f6 7. Nxh7 Rxh7 8. Bc4
Ne7 9. Bxf4 f5 10. Nc3 Ng6 11. Bg5 Be7 12. Bxe7 Qxe7 13. g3 c6 14. h5 Qg5 15Qe2 f4 16. Bf7+ Rxf7 17. hxg6 Qxg6 18. Rh8+ Kd7 19. gxf4 Qg7 20. Rh4 Rxf4 21O-O-O Kc7 22. Rdh1 Rf7 23. e5 Qg5+ 24. Kb1 dxe5 25. dxe5 Be6 26. Rh6 Qe7 27Ne4 Nd7 28. Rxe6 Qxe6 29. Ng5 Qxe5 30. Qd2 Re7 31. Rd1 Rg8 32. a3 Rxg5 33. Qd3
g3 34. a4 g2 35. Rg1 Qe1+ 36. Rxe1 Rxe1+ 37. Ka2 g1=Q 0-1

[Event "Gibtelecom Masters 8th"]
[Site "Gibraltar"]
[Date "2010.01.30"]
[Round "5.95"]
[White "Gonzalez Amaya, Millan"]
[Black "Perez Reisler, Jose"]
[Result "1-0"]
[WhiteElo "1805"]
[BlackElo "2001"]
[PlyCount "73"]
[EventDate "2010.01.26"]
[EventType "swiss"]
[EventRounds "10"]
[EventCountry "GGB"]
[SourceDate "2005.02.07"]

1. e4 c5 2. Nc3 Nc6 3. Nge2 g6 4. g3 Bg7 5. Bg2 e6 6. O-O Nge7 7. d3 O-O 8. Be3
d6 9. Qd2 Nd4 10. Nd1 Rb8 11. c3 Nxe2+ 12. Qxe2 b5 13. d4 cxd4 14. Bxd4 Bxd4
15. cxd4 d5 16. exd5 Nxd5 17. Nc3 Nxc3 18. bxc3 b4 19. Qe5 Ba6 20. Rfc1 Rb5 21Qf4 bxc3 22. Rxc3 Rb4 23. h4 Rxd4 24. Qc7 Rd1+ 25. Rxd1 Qxd1+ 26. Kh2 Qd4 27Ra3 Rc8 28. Qe7 Qb6 29. Rxa6 Qxa6 30. Bb7 Qc4 31. Bxc8 Qxc8 32. Qxa7 e5 33. a4
Qf5 34. a5 h5 35. Qe3 Qe6 36. Qb6 Qf5 37. a6 1-0

[Event "Gibtelecom Masters 8th"]
[Site "Gibraltar"]
[Date "2010.01.30"]
[Round "5.96"]
[White "Kuenitz, Klaus"]
[Black "Marder, Simon"]
[Result "0-1"]
[WhiteElo "1755"]
[BlackElo "1993"]
[PlyCount "30"]
[EventDate "2010.01.26"]
[EventType "swiss"]
[EventRounds "10"]
[EventCountry "GGB"]
[SourceDate "2005.02.07"]

1. d4 d5 2. c4 e5 3. dxe5 d4 4. Nf3 Nc6 5. g3 Nge7 6. Bg2 Ng6 7. O-O Ngxe5 8Nbd2 Be7 9. Nb3 Nxf3+ 10. Bxf3 Bf6 11. Nc5 O-O 12. Qb3 Qe7 13. Nxb7 Ne5 14. Bg2
Rb8 15. Bf4 c5 0-1

[Event "Gibtelecom Masters 8th"]
[Site "Gibraltar"]
[Date "2010.01.30"]
[Round "5.97"]
[White "Mikalsen, Erlend"]
[Black "Gates, David A"]
[Result "1-0"]
[WhiteElo "1973"]
[BlackElo "1738"]
[PlyCount "101"]
[EventDate "2010.01.26"]
[EventType "swiss"]
[EventRounds "10"]
[EventCountry "GGB"]
[SourceDate "2005.02.07"]

1. e4 c6 2. Nc3 d5 3. d4 dxe4 4. Nxe4 Bf5 5. Ng3 Bg6 6. h4 h6 7. h5 Bh7 8. Nf3
Nd7 9. Bd3 Bxd3 10. Qxd3 e6 11. Bf4 Ngf6 12. O-O-O Ng4 13. Qe2 Qa5 14. Kb1 Qb5
15. c4 Qb6 16. Nh4 Ngf6 17. d5 cxd5 18. cxd5 Bc5 19. Ngf5 O-O 20. dxe6 fxe6 21Ne3 Ne4 22. Qg4 Bd4 23. Nc4 Qc5 24. Qxe6+ Rf7 25. Qxe4 Bxf2 26. Ng6 Nf6 27. Qe6
Re8 28. Bd6 Rxe6 29. Bxc5 Bxc5 30. Nce5 Rc7 31. Rd8+ Re8 32. Rxe8+ Nxe8 33. Rd1
Bd6 34. a3 Rc8 35. b4 Rc3 36. Kb2 Rg3 37. Rd2 Rg5 38. Nc4 Bc7 39. Re2 Nf6 40Re7 Rxg2+ 41. Kb3 Rg3+ 42. Ka4 Nd5 43. Rd7 a6 44. b5 Nc3+ 45. Kb4 Nxb5 46. a4
Nc3 47. Ne7+ Kf8 48. Rxc7 b5 49. Nd6 Na2+ 50. Ka5 bxa4 51. Ng6+ 1-0

[Event "Gibtelecom Masters 8th"]
[Site "Gibraltar"]
[Date "2010.01.30"]
[Round "5.99"]
[White "Webster, Richard J"]
[Black "Hansen, Erle Andrea Marki"]
[Result "1-0"]
[WhiteElo "1961"]
[BlackElo "1699"]
[PlyCount "49"]
[EventDate "2010.01.26"]
[EventType "swiss"]
[EventRounds "10"]
[EventCountry "GGB"]
[SourceDate "2005.02.07"]

1. e4 c5 2. Nc3 Nc6 3. g3 g6 4. Bg2 Bg7 5. d3 e6 6. Be3 b6 7. Qd2 Nge7 8. Bh6
O-O 9. h4 Nd4 10. O-O-O b5 11. h5 b4 12. hxg6 fxg6 13. Bxg7 Kxg7 14. Na4 Qa5
15. b3 d6 16. Kb1 Bd7 17. Nb2 Nb5 18. Nc4 Qa6 19. Qh6+ Kf7 20. Ne2 Ke8 21. Qxh7
d5 22. Qg7 dxc4 23. Rh7 Qd6 24. e5 Na3+ 25. Kc1 1-0

[Event "Gibtelecom Masters 8th"]
[Site "Gibraltar"]
[Date "2010.01.30"]
[Round "5.102"]
[White "Kympergr, Vojtech"]
[Black "Tari, Aryan"]
[Result "0-1"]
[WhiteElo "1599"]
[BlackElo "1932"]
[PlyCount "76"]
[EventDate "2010.01.26"]
[EventType "swiss"]
[EventRounds "10"]
[EventCountry "GGB"]
[SourceDate "2005.02.07"]

1. e4 c6 2. d4 d5 3. e5 c5 4. Bb5+ Nc6 5. Bxc6+ bxc6 6. dxc5 e6 7. b4 a5 8. c3
Ne7 9. Bg5 Qc7 10. Nf3 Ng6 11. O-O Nxe5 12. Bf4 Nxf3+ 13. Qxf3 e5 14. Re1 f6
15. Bg3 Be6 16. Nd2 Be7 17. Nb3 Qd7 18. Nxa5 O-O 19. Qe3 Rfe8 20. a4 Bd8 21Nb3 Qf7 22. Nd2 Bd7 23. a5 Bc7 24. Nf3 h6 25. Qd2 Bg4 26. Qe3 Bxf3 27. Qxf3 f5
28. h3 e4 29. Qd1 f4 30. Bh2 Be5 31. Rc1 Qf6 32. Qb3 f3 33. Bxe5 Rxe5 34. g3
Qe6 35. g4 Rh5 36. Rxe4 Qxe4 37. gxh5 Qh4 38. Kh2 Qxf2+ 0-1

[Event "Gibtelecom Masters 8th"]
[Site "Gibraltar"]
[Date "2010.01.30"]
[Round "5.103"]
[White "Carlsen, Ingrid Oen"]
[Black "Lipecki, Alexander"]
[Result "0-1"]
[WhiteElo "1508"]
[BlackElo "2146"]
[PlyCount "90"]
[EventDate "2010.01.26"]
[EventType "swiss"]
[EventRounds "10"]
[EventCountry "GGB"]
[SourceDate "2005.02.07"]

1. e4 e6 2. d4 d5 3. Nc3 Nf6 4. e5 Nfd7 5. f4 c5 6. Nf3 Nc6 7. Be3 Qb6 8. Na4
Qa5+ 9. c3 cxd4 10. b4 Qc7 11. Nxd4 a6 12. Nb2 Ncxe5 13. Qd2 Ng4 14. Be2 Ngf6
15. Bf3 Be7 16. O-O O-O 17. a4 Nb6 18. a5 Nc4 19. Nxc4 Qxc4 20. Be2 Ne4 21Bxc4 Nxd2 22. Bxd2 dxc4 23. Be3 Rd8 24. Rad1 Bd7 25. Nf3 Bc6 26. Ne5 Bd5 27Bd4 f6 28. Ng4 Rac8 29. Ne3 Be4 30. Bb6 Rd3 31. Rxd3 cxd3 32. Bd4 Rd8 33. Rb1
Bd6 34. g3 h5 35. Kf2 h4 36. Rb2 Rc8 37. Nd1 g5 38. Bxf6 hxg3+ 39. hxg3 gxf4
40. gxf4 Bxf4 41. Bd4 Bc1 42. Ra2 Bd5 43. Ra1 Rf8+ 44. Ke1 d2+ 45. Ke2 Bf3+ 0-1

[Event "Gibtelecom Masters 8th"]
[Site "Gibraltar"]
[Date "2010.01.30"]
[Round "5.104"]
[White "Johnson, Paul A"]
[Black "Hirneise, Lothar"]
[Result "1-0"]
[WhiteElo "1904"]
[BlackElo "1707"]
[PlyCount "61"]
[EventDate "2010.01.26"]
[EventType "swiss"]
[EventRounds "10"]
[EventCountry "GGB"]
[SourceDate "2005.02.07"]

1. d4 d5 2. Nf3 Bf5 3. e3 e6 4. c4 c6 5. Nc3 Bd6 6. Bd3 Bxd3 7. Qxd3 Nd7 8. O-f5 9. b3 Ngf6 10. Bb2 O-O 11. Rac1 Ne4 12. g3 Qe8 13. Ne2 h6 14. Ne5 Ndf6 15f3 Ng5 16. h4 Nf7 17. Ng6 Nh5 18. Nxf8 Qxf8 19. Kg2 Qb8 20. f4 Nf6 21. cxd5
cxd5 22. Rc2 Ne4 23. Rfc1 Qd8 24. Nc3 g5 25. hxg5 hxg5 26. Nxe4 fxe4 27. Qe2
Nh6 28. Qh5 Nf5 29. Qg6+ Kf8 30. Rh1 Nxe3+ 31. Kg1 1-0

[Event "Gibtelecom Masters 8th"]
[Site "Gibraltar"]
[Date "2010.01.30"]
[Round "5.110"]
[White "Whatley, Stephen A J"]
[Black "Matto, Manuel"]
[Result "0-1"]
[WhiteElo "1408"]
[BlackElo "1824"]
[PlyCount "82"]
[EventDate "2010.01.26"]
[EventType "swiss"]
[EventRounds "10"]
[EventCountry "GGB"]
[SourceDate "2005.02.07"]

1. e4 e5 2. Nf3 Nc6 3. Bb5 a6 4. Bxc6 dxc6 5. d4 exd4 6. Qxd4 Bg4 7. Qxd8+ Rxd8
8. Nbd2 g6 9. O-O Bg7 10. h3 Bc8 11. e5 Ne7 12. Nb3 O-O 13. Bg5 f6 14. exf6
Bxf6 15. Bxf6 Rxf6 16. Rfe1 Nd5 17. Rad1 Rdf8 18. c4 Nf4 19. Nh2 h5 20. Re7
Bxh3 21. gxh3 Nxh3+ 22. Kg2 Nxf2 23. Rdd7 Rc8 24. Rxc7 Rxc7 25. Rxc7 Nd3 26Rxb7 Rf2+ 27. Kg1 Rxb2 28. Rb6 Rxa2 29. Rxc6 Kh7 30. Nf3 Nf4 31. Nc5 a5 32. Ra6
Rc2 33. Rxa5 Rxc4 34. Ra4 Rc1+ 35. Kh2 Rc2+ 36. Kg3 Ne2+ 37. Kh4 Rxc5 38. Ng5+
Kh6 39. Nf7+ Kg7 40. Ra7 Rc4+ 41. Kg5 Rg4# 0-1

[Event "Gibtelecom Masters 8th"]
[Site "Gibraltar"]
[Date "2010.01.31"]
[Round "6.1"]
[White "Gustafsson, Jan"]
[Black "Adams, Michael"]
[Result "1/2-1/2"]
[WhiteElo "2627"]
[BlackElo "2694"]
[PlyCount "76"]
[EventDate "2010.01.26"]
[EventType "swiss"]
[EventRounds "10"]
[EventCountry "GGB"]
[SourceDate "2005.02.07"]

1. d4 Nf6 2. c4 e6 3. Nf3 b6 4. g3 Ba6 5. Qc2 Bb4+ 6. Bd2 Be7 7. e4 d5 8. cxd5
Bxf1 9. Kxf1 exd5 10. e5 Ne4 11. Nc3 Nxd2+ 12. Nxd2 Qd7 13. Kg2 Nc6 14. Rhd1
Nxd4 15. Qd3 Ne6 16. Qxd5 Qxd5+ 17. Nxd5 c6 18. Ne3 O-O-O 19. Nf5 Rd7 20. Ne4
Rhd8 21. Rxd7 Rxd7 22. Rc1 Kc7 23. f4 c5 24. Nxe7 Rxe7 25. Kf3 Nd4+ 26. Ke3 f6
27. exf6 gxf6 28. Kd3 f5 29. Nc3 Kc6 30. b4 Rd7 31. Ke3 Re7+ 32. Kd3 Rd7 33Ke3 c4 34. Ne4 Kb5 35. Nd2 Nc6 36. Nxc4 Nxb4 37. Ne5 Rd6 38. a3 Nd5+ 1/2-1/2

[Event "Gibtelecom Masters 8th"]
[Site "Gibraltar"]
[Date "2010.01.31"]
[Round "6.2"]
[White "Bacrot, Etienne"]
[Black "Felgaer, Ruben"]
[Result "1/2-1/2"]
[WhiteElo "2713"]
[BlackElo "2591"]
[PlyCount "108"]
[EventDate "2010.01.26"]
[EventType "swiss"]
[EventRounds "10"]
[EventCountry "GGB"]
[SourceDate "2005.02.07"]

1. d4 Nf6 2. c4 g6 3. Nc3 Bg7 4. e4 d6 5. Be2 O-O 6. Nf3 c5 7. O-O cxd4 8. Nxd4
Nc6 9. Nc2 Nd7 10. Bd2 a5 11. Kh1 Nc5 12. f3 a4 13. Rc1 Be6 14. Na3 Qb6 15. Rb1
f5 16. Be3 Qa5 17. exf5 Bxf5 18. Rc1 Nb4 19. Nd5 Nxd5 20. cxd5 Bxb2 21. Nc4
Bxc1 22. Nxa5 Bxe3 23. Nc4 Bg5 24. Nb6 Ra5 25. g4 Bd7 26. Qe1 Bb5 27. Qxa5 Bxe2
28. Qe1 Bxf3+ 29. Kg1 Nd3 30. Qe6+ Kg7 31. h4 Nf4 32. Qd7 Ne2+ 33. Kh2 Bxh4 34Nc8 Rf7 35. Qe8 Bg3+ 36. Kh3 Be5 37. Rxf3 Rxf3+ 38. Kg2 Rf8 39. Qxe7+ Rf7 40Qe8 Nf4+ 41. Kf1 Nxd5+ 42. Ke1 a3 43. Qe6 Bg3+ 44. Kd1 Rf1+ 45. Kc2 Rf2+ 46Kb3 Rf3+ 47. Ka4 Rf4+ 48. Kb3 Rf3+ 49. Ka4 Nc7 50. Qe7+ Rf7 51. Qd8 Ne6 52. Qe8
Nc7 53. Qd8 Ne6 54. Qe8 Nc7 1/2-1/2

[Event "Gibtelecom Masters 8th"]
[Site "Gibraltar"]
[Date "2010.01.31"]
[Round "6.3"]
[White "Speelman, Jonathan"]
[Black "Movsesian, Sergei"]
[Result "1/2-1/2"]
[WhiteElo "2535"]
[BlackElo "2708"]
[PlyCount "59"]
[EventDate "2010.01.26"]
[EventType "swiss"]
[EventRounds "10"]
[EventCountry "GGB"]
[SourceDate "2005.02.07"]

1. d4 Nf6 2. Nf3 d5 3. c4 e6 4. Nc3 dxc4 5. e3 a6 6. a4 c5 7. Bxc4 Nc6 8. O-Be7 9. Qe2 cxd4 10. Rd1 e5 11. exd4 exd4 12. Nxd4 Nxd4 13. Qe5 Qd6 14. Qxd6
Bxd6 15. Rxd4 Be5 16. Rd1 O-O 17. Nd5 Be6 18. Nxf6+ Bxf6 19. Bxe6 fxe6 20. Be3
Bxb2 21. Rab1 Rad8 22. Rf1 Bd4 23. Rxb7 Bxe3 24. fxe3 Rxf1+ 25. Kxf1 Rd1+ 26Kf2 Ra1 27. Rb6 Rxa4 28. Rxe6 Kf7 29. Rb6 Ra1 30. h3 1/2-1/2

[Event "Gibtelecom Masters 8th"]
[Site "Gibraltar"]
[Date "2010.01.31"]
[Round "6.4"]
[White "Kamsky, Gata"]
[Black "Lenderman, Alex"]
[Result "1/2-1/2"]
[WhiteElo "2693"]
[BlackElo "2560"]
[PlyCount "108"]
[EventDate "2010.01.26"]
[EventType "swiss"]
[EventRounds "10"]
[EventCountry "GGB"]
[SourceDate "2005.02.07"]

1. e4 c6 2. d4 d5 3. e5 Bf5 4. Nd2 e6 5. Nb3 Ne7 6. Nf3 Nc8 7. Be2 Be7 8. O-O-O 9. Bd2 Nd7 10. Rc1 Ncb6 11. Na5 Qc7 12. Qe1 Rae8 13. Bf4 Bg4 14. Qd2 Qb8
15. h3 Bh5 16. b4 Bd8 17. g4 Bg6 18. Bg3 f5 19. Ne1 Nc8 20. c4 dxc4 21. Nxc4
Ndb6 22. Ng2 Nxc4 23. Bxc4 Nb6 24. Bb3 Nd5 25. b5 cxb5 26. Rc5 f4 27. Nxf4 Nxf4
28. Bxf4 a6 29. Qe3 Bb6 30. Rcc1 Rf7 31. Rcd1 a5 32. a3 a4 33. Ba2 Qc8 34. Bg3
Rc7 35. Rc1 Rxc1 36. Rxc1 Qd7 37. Rd1 Rc8 38. Qf3 Rc2 39. Bb1 Rb2 40. Bxg6 hxg6
41. Kg2 Rb3 42. Qe4 b4 43. d5 bxa3 44. Qxg6 Qf7 45. Qxe6 Qxe6 46. dxe6 Bc5 47Rd8+ Kh7 48. Rd6 a2 49. e7 a1=Q 50. e8=Q Rxg3+ 51. Kxg3 Qg1+ 52. Kf3 Qxf2+ 53Ke4 Qg2+ 54. Kf5 Bxd6 1/2-1/2

[Event "Gibtelecom Masters 8th"]
[Site "Gibraltar"]
[Date "2010.01.31"]
[Round "6.5"]
[White "Guliyev, Namig"]
[Black "Fressinet, Laurent"]
[Result "1/2-1/2"]
[WhiteElo "2516"]
[BlackElo "2670"]
[PlyCount "91"]
[EventDate "2010.01.26"]
[EventType "swiss"]
[EventRounds "10"]
[EventCountry "GGB"]
[SourceDate "2005.02.07"]

1. e4 e5 2. Nf3 Nc6 3. Bb5 a6 4. Ba4 Nf6 5. O-O Be7 6. Re1 b5 7. Bb3 O-O 8. h3
Bb7 9. d3 d5 10. exd5 Nxd5 11. Nxe5 Nd4 12. Nc3 Nxb3 13. axb3 Nb4 14. Bd2 f6
15. Nf3 Bxf3 16. gxf3 f5 17. Nxb5 Rf6 18. Kf1 Rg6 19. Na3 Nc6 20. Nc4 Bf8 21Ne5 Nxe5 22. Rxe5 Qh4 23. Ke2 Bd6 24. Re3 Bc5 25. d4 Bxd4 26. Bc3 c5 27. Bxd4
cxd4 28. Ra4 Rd8 29. Re5 Rg2 30. Qf1 Qxh3 31. Ke1 Qxf3 32. Qc4+ Kh8 33. Qe2
Rg1+ 34. Kd2 Qf4+ 35. Kd3 h6 36. Raa5 Qc1 37. Rxa6 Rd1+ 38. Kc4 Rd2 39. Re8+
Kh7 40. Qe6 Rxc2+ 41. Kb4 Rxe8 42. Qg6+ Kh8 43. Qxe8+ Kh7 44. Qg6+ Kh8 45. Qe8+
Kh7 46. Qg6+ 1/2-1/2

[Event "Gibtelecom Masters 8th"]
[Site "Gibraltar"]
[Date "2010.01.31"]
[Round "6.6"]
[White "Fridman, Daniel"]
[Black "Malakhatko, Vadim"]
[Result "1/2-1/2"]
[WhiteElo "2654"]
[BlackElo "2549"]
[PlyCount "67"]
[EventDate "2010.01.26"]
[EventType "swiss"]
[EventRounds "10"]
[EventCountry "GGB"]
[SourceDate "2005.02.07"]

1. d4 d5 2. c4 c6 3. Nc3 Nf6 4. e3 Bf5 5. Nf3 e6 6. Nh4 Bg6 7. Nxg6 hxg6 8. a3
Nbd7 9. g3 Be7 10. b3 Qc7 11. Bg2 O-O 12. O-O Rad8 13. Bb2 Rfe8 14. Rc1 Qb8 15f4 dxc4 16. bxc4 e5 17. fxe5 Nxe5 18. Nd5 Neg4 19. Nxf6+ Nxf6 20. Qf3 c5 21Kh1 Qc7 22. Rc2 b6 23. Qc6 Rc8 24. d5 Qd8 25. Qa4 Qd7 26. Qxd7 Nxd7 27. Bh3
Rcd8 28. Rcf2 Bf6 29. Bxd7 Rxd7 30. Bxf6 gxf6 31. Rxf6 Rxe3 32. R1f3 Re2 33Rf2 Re3 34. R2f3 1/2-1/2

[Event "Gibtelecom Masters 8th"]
[Site "Gibraltar"]
[Date "2010.01.31"]
[Round "6.7"]
[White "Dzagnidze, Nana"]
[Black "Sandipan, Chanda"]
[Result "0-1"]
[WhiteElo "2506"]
[BlackElo "2622"]
[PlyCount "48"]
[EventDate "2010.01.26"]
[EventType "swiss"]
[EventRounds "10"]
[EventCountry "GGB"]
[SourceDate "2005.02.07"]

1. c4 c6 2. Nf3 d5 3. g3 dxc4 4. a4 Bg4 5. Bg2 Nd7 6. Na3 e5 7. Nxc4 e4 8. Nfe5
Nxe5 9. Nxe5 Be6 10. Qc2 Nf6 11. Bxe4 Nxe4 12. Qxe4 Bd6 13. Nf3 O-O 14. O-O Bd5
15. Qc2 f5 16. d3 f4 17. Bd2 Qe8 18. Rae1 Qh5 19. Bc3 Qh3 20. Qd1 fxg3 21. fxg3
Bxg3 22. e4 Rxf3 23. Rxf3 Qxh2+ 24. Kf1 Be6 0-1

[Event "Gibtelecom Masters 8th"]
[Site "Gibraltar"]
[Date "2010.01.31"]
[Round "6.8"]
[White "Zhukova, Natalia"]
[Black "Edouard, Romain"]
[Result "1-0"]
[WhiteElo "2462"]
[BlackElo "2608"]
[PlyCount "97"]
[EventDate "2010.01.26"]
[EventType "swiss"]
[EventRounds "10"]
[EventCountry "GGB"]
[SourceDate "2005.02.07"]

1. d4 Nf6 2. c4 g6 3. Nc3 Bg7 4. e4 O-O 5. Nf3 d6 6. h3 Na6 7. g3 c6 8. Bg2 Be6
9. Qe2 Qc8 10. Be3 Bd7 11. Rc1 Nc7 12. Kf1 Qd8 13. Kg1 b5 14. e5 Nfe8 15. cxb5
cxb5 16. b4 a5 17. a3 axb4 18. axb4 Rb8 19. Kh2 Be6 20. Nd2 dxe5 21. dxe5 Nd5
22. Nxd5 Bxd5 23. Bxd5 Qxd5 24. Rc5 Qe6 25. Nf3 Qd7 26. Rd1 Qb7 27. Rdc1 f6 28Nd4 fxe5 29. Nc6 Ra8 30. Rxb5 Qd7 31. Qc4+ Kh8 32. Nxe5 Qf5 33. Nc6 Qf3 34. Nd4
Qf6 35. Qe6 Nd6 36. Ra5 Rab8 37. Qxf6 Bxf6 38. Nc6 Ra8 39. g4 g5 40. Kg2 Nb7
41. Rxa8 Rxa8 42. Nxe7 Bxe7 43. Rc7 Bxb4 44. Rxb7 Bc3 45. Bxg5 h5 46. Be3 hxg4
47. hxg4 Be5 48. f4 Bg7 49. Kf3 1-0

[Event "Gibtelecom Masters 8th"]
[Site "Gibraltar"]
[Date "2010.01.31"]
[Round "6.9"]
[White "Cheparinov, Ivan"]
[Black "Battaglini, Gabriel"]
[Result "1-0"]
[WhiteElo "2660"]
[BlackElo "2411"]
[PlyCount "45"]
[EventDate "2010.01.26"]
[EventType "swiss"]
[EventRounds "10"]
[EventCountry "GGB"]
[SourceDate "2005.02.07"]

1. e4 e6 2. d4 d5 3. Nc3 Nf6 4. e5 Nfd7 5. f4 c5 6. Nf3 Nc6 7. Be3 Qb6 8. Na4
Qa5+ 9. c3 cxd4 10. b4 Nxb4 11. cxb4 Bxb4+ 12. Bd2 Bxd2+ 13. Nxd2 b5 14. Nb2
O-O 15. Nd3 Nb6 16. Kf2 Nc4 17. Nf3 f6 18. g3 Bd7 19. exf6 gxf6 20. Nc5 Ne3 21Qe1 Qc7 22. Nxd7 Qxd7 23. Bh3 1-0

[Event "Gibtelecom Masters 8th"]
[Site "Gibraltar"]
[Date "2010.01.31"]
[Round "6.10"]
[White "Vallejo Pons, Francisco"]
[Black "Zatonskih, Anna"]
[Result "1-0"]
[WhiteElo "2705"]
[BlackElo "2466"]
[PlyCount "59"]
[EventDate "2010.01.26"]
[EventType "swiss"]
[EventRounds "10"]
[EventCountry "GGB"]
[SourceDate "2005.02.07"]

1. e4 e5 2. Bc4 Nf6 3. d3 c6 4. Nf3 d5 5. Bb3 Bd6 6. Nc3 dxe4 7. Nxe4 Nxe4 8dxe4 h6 9. Be3 Qe7 10. Qd2 Nd7 11. O-O-O Bc7 12. Qc3 Bb6 13. g4 Bxe3+ 14. fxe3
Nf6 15. Nxe5 O-O 16. Ng6 Qxe4 17. Nxf8 Bxg4 18. Rhg1 Rxf8 19. Rd4 Qf3 20. Rf4
Qh3 21. Qd2 h5 22. Rg3 Qh4 23. a4 Re8 24. Kb1 Ne4 25. Bxf7+ Kh8 26. Qg2 Nxg3
27. Bxe8 Nf5 28. Bg6 Qe1+ 29. Ka2 Qa5 30. Qe4 1-0

[Event "Gibtelecom Masters 8th"]
[Site "Gibraltar"]
[Date "2010.01.31"]
[Round "6.11"]
[White "Koneru, Humpy"]
[Black "Krush, Irina"]
[Result "1-0"]
[WhiteElo "2614"]
[BlackElo "2455"]
[PlyCount "73"]
[EventDate "2010.01.26"]
[EventType "swiss"]
[EventRounds "10"]
[EventCountry "GGB"]
[SourceDate "2005.02.07"]

1. d4 Nf6 2. c4 g6 3. g3 Bg7 4. Bg2 c5 5. Nf3 cxd4 6. Nxd4 O-O 7. O-O d5 8cxd5 Nxd5 9. Nb3 Nb4 10. Bd2 N8c6 11. Nc3 Ne5 12. Ne4 Nd5 13. Rc1 Nc6 14. Nc3
Nb6 15. Bf4 e5 16. Qxd8 Rxd8 17. Bg5 f6 18. Be3 Bf8 19. Nb5 Bg4 20. Nxa7 Nd5
21. Nxc6 bxc6 22. Bd2 Rxa2 23. Rxc6 Bxe2 24. Rfc1 Ne7 25. Rb6 Kf7 26. Bc3 Ra7
27. Na5 Nd5 28. Nc6 Nxb6 29. Nxd8+ Ke8 30. Nc6 Ra2 31. Re1 Bb5 32. Nxe5 Kd8 33Nf7+ Kc7 34. Bxf6 Nc4 35. Bd5 Ra6 36. Bc3 Bc5 37. Ng5 1-0